[Event "Steinfurt Bezirksliga 1415"]
[Site "Germany"]
[Date "2014.09.06"]
[Round "1.7"]
[White "Uhlenbrock, Dirk"]
[Black "Schwermann, Rolf"]
[Result "1/2-1/2"]
[WhiteElo "1452"]
[BlackElo "1473"]
[PlyCount "77"]
[EventDate "2014.09.06"]
[EventType "team-tourn"]
[EventRounds "9"]
[EventCountry "GER"]
[SourceTitle "EXT 2016"]
[Source "ChessBase"]
[SourceDate "2015.10.08"]
[SourceVersion "1"]
[SourceVersionDate "2015.10.08"]
[SourceQuality "1"]
[WhiteTeam "Steinfurt II"]
[BlackTeam "Steinfurt III"]
[WhiteTeamCountry "GER"]
[BlackTeamCountry "GER"]

1. e4 g6 2. Nf3 Bg7 3. Bc4 Nc6 4. d3 e6 5. Nc3 Nge7 6. 0-0 0-0 7. Bg5 Na5 8. Bb3 Nxb3 9. axb3 a6 10. Qd2 b6 11. Bh6 Bb7 12. Bxg7 Kxg7 13. Ne5 Ng8 14. f4 d6 15. Nf3 f5 16. Ng5 Qf6 17. e5 dxe5 18. fxe5 Qe7 19. Ne2 h6 20. Nf3 c5 21. Qf4 Rfd8 22. g4 g5 23. Qg3 f4 24. Qe1 Rd5 25. Nc3 Rd7 26. Ne4 Bxe4 27. Qxe4 Raa7 28. Nd2 b5 29. Qc6 Rdc7 30. Qe4 Qd7 31. Nf3 Qd5 32. Nd2 Ne7 33. Rfe1 Rd7 34. Kf2 Qd4+ 35. Qxd4 cxd4 36. Nf3 Kg6 37. Red1 Nc6 38. c3 b4 39. c4 1/2-1/2

[Event "Steinfurt Bezirksliga 1314"]
[Site "Germany"]
[Date "2013.11.09"]
[Round "3.7"]
[White "Winter, Reinhold"]
[Black "Schwermann, Rolf"]
[Result "0-1"]
[WhiteElo "1547"]
[BlackElo "1442"]
[PlyCount "84"]
[EventDate "2013.09.14"]
[EventType "team-tourn"]
[EventRounds "9"]
[EventCountry "GER"]
[SourceTitle "EXT 2015"]
[Source "ChessBase"]
[SourceDate "2014.11.20"]
[SourceVersion "1"]
[SourceVersionDate "2014.11.20"]
[SourceQuality "1"]
[WhiteTeam "Neuenkirchen II"]
[BlackTeam "Steinfurt III"]
[WhiteTeamCountry "GER"]
[BlackTeamCountry "GER"]

1. c4 g6 2. d4 Bg7 3. Nc3 Nf6 4. g3 0-0 5. Bg2 c6 6. Bg5 h6 7. Bd2 d6 8. Nf3 Bd7 9. Qc1 Kh7 10. 0-0 Qc8 11. e4 Bh3 12. Re1 Bxg2 13. Kxg2 e6 14. e5 dxe5 15. dxe5 Ng8 16. Ne4 Qc7 17. Bc3 Nd7 18. Nd6 Nb6 19. b3 Rad8 20. Qa3 Qb8 21. Rad1 Nd7 22. Rd2 c5 23. Red1 a6 24. Qb2 Qc7 25. Qc2 Ne7 26. Qe4 Nc6 27. h4 Ne7 28. g4 Nc6 29. Kh3 Kg8 30. g5 h5 31. a3 a5 32. Nb5 Qc8 33. Nd6 Qc7 34. Rd3 b6 35. Nb5 Qc8 36. Rd6 Ndb8 37. Rxd8 Rxd8 38. Rxd8+ Qxd8 39. Nd6 Qd7 40. Qf4 Bf8 41. Nd2 Bxd6 42. exd6 e5+ 0-1

[Event "Steinfurt Bezirksklasse 1213"]
[Site "Germany"]
[Date "2013.01.19"]
[Round "4.1"]
[White "Wessendorf, Klaus"]
[Black "Schwermann, Rolf"]
[Result "1-0"]
[WhiteElo "1629"]
[BlackElo "1416"]
[PlyCount "45"]
[EventDate "2012.09.29"]
[EventType "team-tourn"]
[EventRounds "9"]
[EventCountry "GER"]
[SourceTitle "EXT 2015"]
[Source "ChessBase"]
[SourceDate "2014.11.20"]
[SourceVersion "1"]
[SourceVersionDate "2014.11.20"]
[SourceQuality "1"]
[WhiteTeam "Emsdetten Rochade III"]
[BlackTeam "Steinfurt IV"]
[WhiteTeamCountry "GER"]
[BlackTeamCountry "GER"]

1. e4 g6 2. d4 Bg7 3. Be3 Nf6 4. Nc3 c6 5. Be2 h5 6. h3 d5 7. e5 Ne4 8. Nxe4 dxe4 9. Qd2 Be6 10. f3 exf3 11. Nxf3 Nd7 12. b3 Bd5 13. c4 Bxf3 14. Bxf3 Nb6 15. 0-0 0-0 16. Rad1 Qc7 17. Bh6 e6 18. Bxg7 Kxg7 19. Qg5 Qd8 20. Qg3 Rh8 21. Be4 Qe7 22. Rf6 Rh6 23. Qg5 1-0

[Event "Steinfurt Bezirksklasse 1112"]
[Site "Germany"]
[Date "2012.03.17"]
[Round "7.1"]
[White "Ulbricht Weiss, Wolfgang"]
[Black "Schwermann, Rolf"]
[Result "1-0"]
[WhiteElo "1293"]
[BlackElo "1472"]
[PlyCount "39"]
[EventDate "2011.09.24"]
[EventType "team-tourn"]
[EventRounds "9"]
[EventCountry "GER"]
[SourceTitle "EXT 2013"]
[Source "ChessBase"]
[SourceDate "2012.11.22"]
[SourceVersion "1"]
[SourceVersionDate "2012.11.22"]
[SourceQuality "1"]
[WhiteTeam "Rheine CC"]
[BlackTeam "Steinfurt IV"]
[WhiteTeamCountry "GER"]
[BlackTeamCountry "GER"]

1. e4 g6 2. d4 Bg7 3. Nf3 d6 4. h3 Nd7 5. Nc3 Ngf6 6. Be2 0-0 7. 0-0 c6 8. Bf4 c5 9. e5 Nh5 10. Bh2 Bh8 11. exd6 exd6 12. Bxd6 Re8 13. dxc5 a6 14. Rb1 Ng7 15. Nd5 Nf5 16. Nc7 Ra7 17. Nxe8 Qxe8 18. Re1 Nxd6 19. cxd6 b6 20. Bc4 1-0

[Event "Steinfurt Bezirksliga 1011"]
[Site "Germany"]
[Date "2010.10.02"]
[Round "1.4"]
[White "Schwermann, Rolf"]
[Black "Boeckmann, Dirk"]
[Result "1/2-1/2"]
[WhiteElo "1528"]
[BlackElo "1592"]
[PlyCount "51"]
[EventDate "2010.10.02"]
[EventType "team-tourn"]
[EventRounds "9"]
[EventCountry "GER"]
[SourceTitle "EXT 2012"]
[Source "ChessBase"]
[SourceDate "2011.11.24"]
[SourceVersion "1"]
[SourceVersionDate "2011.11.24"]
[SourceQuality "1"]
[WhiteTeam "Steinfurt III"]
[BlackTeam "Reckenfeld"]
[WhiteTeamCountry "GER"]
[BlackTeamCountry "GER"]

1. Nc3 c6 2. e4 d5 3. Nf3 dxe4 4. Nxe4 Bf5 5. Ng3 Bg6 6. Bc4 Nd7 7. d4 e6 8. Qe2 Be7 9. 0-0 h6 10. Be3 Ngf6 11. Bd3 Bxd3 12. Qxd3 0-0 13. h3 Qc7 14. Rfe1 Rad8 15. Qe2 Nd5 16. Bd2 c5 17. c3 Qb6 18. c4 Nc7 19. Bc3 cxd4 20. Bxd4 Bc5 21. Bxc5 Qxc5 22. Ne4 Qe7 23. Rad1 Nf6 24. Nxf6+ Qxf6 25. b3 Rxd1 26. Rxd1 1/2-1/2

[Event "Steinfurt Bezirksliga 0910"]
[Site "Germany"]
[Date "2010.04.24"]
[Round "8.2"]
[White "Engfer, Klaus"]
[Black "Schwermann, Rolf"]
[Result "1-0"]
[WhiteElo "1650"]
[BlackElo "1549"]
[PlyCount "57"]
[EventDate "2009.09.12"]
[EventType "team-tourn"]
[EventRounds "9"]
[EventCountry "GER"]
[SourceTitle "EXT 2011"]
[Source "ChessBase"]
[SourceDate "2010.11.26"]
[SourceVersion "1"]
[SourceVersionDate "2010.11.26"]
[SourceQuality "1"]
[WhiteTeam "Rheine"]
[BlackTeam "Steinfurt III"]
[WhiteTeamCountry "GER"]
[BlackTeamCountry "GER"]

1. e4 g6 2. d4 Bg7 3. f4 c5 4. d5 d6 5. Nf3 Nf6 6. Nc3 0-0 7. Be2 a6 8. a4 b6 9. 0-0 Bb7 10. Bc4 Nbd7 11. Re1 Ne8 12. e5 Nc7 13. Qd3 a5 14. Bd2 Ba6 15. Bxa6 Nxa6 16. Nb5 dxe5 17. fxe5 Nc7 18. c4 Nxb5 19. axb5 Re8 20. Rad1 Nf8 21. Bf4 Ra7 22. b3 e6 23. Bg5 Qc8 24. d6 Nd7 25. Be7 h6 26. h4 Bf8 27. Bxf8 Rxf8 28. Qe3 Qd8 29. Qxh6 1-0

[Event "Steinfurt Bezirksliga 0809"]
[Site "Germany"]
[Date "2009.05.09"]
[Round "9.1"]
[White "Horstmann, Michael1111"]
[Black "Schwermann, Rolf"]
[Result "1-0"]
[WhiteElo "1745"]
[BlackElo "1557"]
[PlyCount "91"]
[EventDate "2008.09.27"]
[EventType "team-tourn"]
[EventRounds "9"]
[EventCountry "GER"]
[SourceTitle "EXT 2010"]
[Source "ChessBase"]
[SourceDate "2010.11.25"]
[SourceVersion "1"]
[SourceVersionDate "2010.11.25"]
[SourceQuality "1"]
[WhiteTeam "Emsdetten Rochade III"]
[BlackTeam "Steinfurt III"]
[WhiteTeamCountry "GER"]
[BlackTeamCountry "GER"]

1. e4 g6 2. d4 Bg7 3. Nf3 d6 4. Bc4 c6 5. 0-0 Nf6 6. Re1 0-0 7. c3 d5 8. exd5 cxd5 9. Bd3 Nc6 10. Bg5 Bg4 11. Nbd2 h6 12. Bh4 Qd7 13. Nf1 Bf5 14. Bb5 Bg4 15. Ne3 Bxf3 16. Qxf3 a6 17. Bd3 g5 18. Bg3 e6 19. h4 Nh7 20. Bxh7+ Kxh7 21. hxg5 hxg5 22. Qh5+ Kg8 23. Qxg5 Qe7 24. Qh5 Qf6 25. Ng4 Qg6 26. Qxg6 fxg6 27. Rxe6 Kf7 28. Rae1 Rae8 29. Rxe8 Rxe8 30. Rxe8 Kxe8 31. Ne5 Nxe5 32. Bxe5 Bf8 33. f4 Kd7 34. Kf2 b5 35. Kf3 Ke6 36. g4 b4 37. Ke2 bxc3 38. bxc3 Ba3 39. Kd3 a5 40. c4 a4 41. c5 Kd7 42. f5 gxf5 43. gxf5 Bc1 44. Kc2 Ba3 45. Bf4 Bb4 46. Kb2 1-0

[Event "Steinfurt Bezirksliga 0809"]
[Site "Germany"]
[Date "2008.12.20"]
[Round "4.2"]
[White "Schwermann, Rolf"]
[Black "Hartmann, Eugen"]
[Result "0-1"]
[WhiteElo "1557"]
[BlackElo "1677"]
[PlyCount "64"]
[EventDate "2008.09.27"]
[EventType "team-tourn"]
[EventRounds "9"]
[EventCountry "GER"]
[SourceTitle "EXT 2010"]
[Source "ChessBase"]
[SourceDate "2010.11.25"]
[SourceVersion "1"]
[SourceVersionDate "2010.11.25"]
[SourceQuality "1"]
[WhiteTeam "Steinfurt III"]
[BlackTeam "Ibbenbueren II"]
[WhiteTeamCountry "GER"]
[BlackTeamCountry "GER"]

1. Nc3 d5 2. e4 dxe4 3. Nxe4 Bf5 4. Ng3 Bg6 5. Nf3 e6 6. Bb5+ c6 7. Ba4 Bd6 8. Bb3 Nf6 9. d4 Nbd7 10. Bg5 h6 11. Bd2 Ne4 12. Nxe4 Bxe4 13. Qe2 Nf6 14. 0-0-0 a5 15. a4 Qe7 16. Ne5 Bb4 17. f3 Bh7 18. Rhe1 0-0 19. g4 Nd5 20. c3 Bd6 21. f4 Qc7 22. Bc2 Bxc2 23. Kxc2 c5 24. dxc5 Bxe5 25. Qxe5 Qxc5 26. Qd4 Qc6 27. b3 Rfd8 28. Kb2 Nb4 29. Qe4 Nd3+ 30. Kc2 Nxe1+ 31. Qxe1 Qg2 32. Qg3 Qe4+ 0-1

[Event "Steinfurt Bezirksliga 0708"]
[Site "Germany"]
[Date "2008.04.19"]
[Round "8.4"]
[White "Richter, Alexander"]
[Black "Schwermann, Rolf"]
[Result "0-1"]
[WhiteElo "1587"]
[BlackElo "1489"]
[PlyCount "122"]
[EventDate "2007.09.22"]
[EventType "team-tourn"]
[EventRounds "9"]
[EventCountry "GER"]
[SourceTitle "EXT 2009"]
[Source "ChessBase"]
[SourceDate "2008.11.26"]
[SourceVersion "1"]
[SourceVersionDate "2008.11.26"]
[SourceQuality "1"]
[WhiteTeam "Rheine SG"]
[BlackTeam "Steinfurt III"]
[WhiteTeamCountry "GER"]
[BlackTeamCountry "GER"]

1. d4 Nf6 2. Nf3 d6 3. Bg5 Nbd7 4. Nc3 g6 5. e4 Bg7 6. e5 Ng8 7. Qe2 h6 8. Bh4 g5 9. Bg3 Nb6 10. 0-0-0 d5 11. h4 g4 12. Nh2 h5 13. f3 Nh6 14. fxg4 Nxg4 15. Qe1 Bh6+ 16. Kb1 Bf5 17. Nxg4 Bxg4 18. Be2 Qd7 19. Bxg4 Qxg4 20. Nb5 Kd7 21. b3 c6 22. Nc3 a5 23. Rf1 Ke6 24. Rf3 a4 25. Qf2 Rhf8 26. Rf1 Qg6 27. Ne2 axb3 28. axb3 Kd7 29. Rxf7 Rxf7 30. Qxf7 Qxf7 31. Rxf7 Rh8 32. Bf4 Ke6 33. Bxh6 Kxf7 34. Bg5 Nd7 35. Nf4 e6 36. Kb2 Rh7 37. g3 Nf8 38. Bf6 Ng6 39. Nh3 Ke8 40. Ng5 Nf8 41. Nxh7 Nxh7 42. Bg7 Kf7 43. Bh6 Kg6 44. Bf4 Kf5 45. Kc3 Nf8 46. Bd2 b6 47. Kd3 Kg4 48. Be1 Kf3 49. c4 Ng6 50. cxd5 cxd5 51. b4 b5 52. Kd2 Ne7 53. Kd3 Nf5 54. Bd2 Nxg3 55. Bg5 Nf5 56. Bf6 Kg4 57. Kc2 Nxd4+ 58. Kd3 Nf5 59. Kc3 Nxh4 60. Kd4 Nf5+ 61. Kc5 d4 0-1

[Event "Steinfurt Bezirksliga 0708"]
[Site "Germany"]
[Date "2007.12.01"]
[Round "4.3"]
[White "Schwermann, Rolf"]
[Black "Keller, Hansjuergen"]
[Result "1/2-1/2"]
[WhiteElo "1489"]
[BlackElo "1621"]
[PlyCount "40"]
[EventDate "2007.09.22"]
[EventType "team-tourn"]
[EventRounds "9"]
[EventCountry "GER"]
[SourceTitle "EXT 2009"]
[Source "ChessBase"]
[SourceDate "2008.11.26"]
[SourceVersion "1"]
[SourceVersionDate "2008.11.26"]
[SourceQuality "1"]
[WhiteTeam "Steinfurt III"]
[BlackTeam "Nordwalde II"]
[WhiteTeamCountry "GER"]
[BlackTeamCountry "GER"]

1. Nc3 d5 2. e4 dxe4 3. Nxe4 Nd7 4. Bc4 Ngf6 5. Bxf7+ Kxf7 6. Ng5+ Kg8 7. Ne6 Qe8 8. Nxc7 Qg6 9. Nxa8 Qxg2 10. Qf3 Qxf3 11. Nxf3 b6 12. Nc7 Bb7 13. Ke2 Ne5 14. Nxe5 Bxh1 15. f3 Bg2 16. d4 Bh3 17. d5 e6 18. dxe6 Bd6 19. Nf7 Bxc7 20. Nxh8 Bxe6 1/2-1/2

[Event "Steinfurt Bezirksliga 0708"]
[Site "Germany"]
[Date "2007.11.10"]
[Round "3.3"]
[White "Brinkmann, Franz Josef"]
[Black "Schwermann, Rolf"]
[Result "1-0"]
[WhiteElo "1723"]
[BlackElo "1489"]
[PlyCount "71"]
[EventDate "2007.09.22"]
[EventType "team-tourn"]
[EventRounds "9"]
[EventCountry "GER"]
[SourceTitle "EXT 2009"]
[Source "ChessBase"]
[SourceDate "2008.11.26"]
[SourceVersion "1"]
[SourceVersionDate "2008.11.26"]
[SourceQuality "1"]
[WhiteTeam "Rheine Klein Berlin II"]
[BlackTeam "Steinfurt III"]
[WhiteTeamCountry "GER"]
[BlackTeamCountry "GER"]

1. e4 g6 2. d4 Bg7 3. Nf3 d6 4. Bc4 Nf6 5. Qd3 0-0 6. 0-0 Nc6 7. Bg5 Na5 8. Nbd2 Nxc4 9. Nxc4 b5 10. Ne3 a6 11. c3 h6 12. Bh4 Bb7 13. Nd2 c5 14. f4 Nd7 15. Rad1 Bf6 16. Bg3 e5 17. dxe5 dxe5 18. Nf3 Nb6 19. Qc2 Qe7 20. fxe5 Bg7 21. Rd6 Nc8 22. Rd2 Rd8 23. Nd5 Bxd5 24. exd5 Qe8 25. Qe4 Nd6 26. Qe2 Nc4 27. Rd3 Nd6 28. Re1 Nf5 29. Bf2 c4 30. Rd2 Rd7 31. g4 Ne7 32. e6 Rxd5 33. exf7+ Kxf7 34. Qe6+ Kf8 35. Rxd5 Nxd5 36. Qxd5 1-0

[Event "Steinfurt Bezirksklasse 0607"]
[Site "Germany"]
[Date "2007.04.14"]
[Round "7.2"]
[White "Schwermann, Rolf"]
[Black "Terhorst, Timo"]
[Result "1-0"]
[WhiteElo "1508"]
[BlackElo "1583"]
[PlyCount "71"]
[EventDate "2006.09.30"]
[EventType "team-tourn"]
[EventRounds "7"]
[EventCountry "GER"]
[SourceTitle "EXT 2008"]
[Source "ChessBase"]
[SourceDate "2007.11.25"]
[SourceVersion "1"]
[SourceVersionDate "2007.11.25"]
[SourceQuality "1"]
[WhiteTeam "Steinfurt III"]
[BlackTeam "Rheine SG"]
[WhiteTeamCountry "GER"]
[BlackTeamCountry "GER"]

1. Nc3 d5 2. e4 dxe4 3. Nxe4 e5 4. Bc4 Bf5 5. Qf3 Bg6 6. d3 Be7 7. Nh3 h6 8. 0-0 a6 9. Qg3 Nc6 10. c3 Nf6 11. Re1 Qd7 12. a4 0-0 13. Qxg6 Qg4 14. Qxg4 Nxg4 15. f3 Nf6 16. Be3 Rad8 17. Bc5 Nxe4 18. Bxe7 Nxe7 19. Rxe4 Nc6 20. Rd1 Kh8 21. Nf2 f6 22. Re2 Rd7 23. Red2 Rfd8 24. Be6 Rd6 25. Bb3 Ne7 26. Ba2 f5 27. b4 Nc6 28. b5 axb5 29. axb5 Ne7 30. Re2 Ng6 31. g3 Re8 32. Rde1 f4 33. Bf7 fxg3 34. hxg3 Re7 35. Bxg6 Rxg6 36. Kg2 1-0

[Event "Steinfurt Bezirksklasse 0607"]
[Site "Germany"]
[Date "2007.01.27"]
[Round "4.2"]
[White "Schwermann, Rolf"]
[Black "Berken, Andre"]
[Result "1/2-1/2"]
[WhiteElo "1508"]
[BlackElo "1288"]
[PlyCount "52"]
[EventDate "2006.09.30"]
[EventType "team-tourn"]
[EventRounds "7"]
[EventCountry "GER"]
[SourceTitle "EXT 2008"]
[Source "ChessBase"]
[SourceDate "2007.11.25"]
[SourceVersion "1"]
[SourceVersionDate "2007.11.25"]
[SourceQuality "1"]
[WhiteTeam "Steinfurt III"]
[BlackTeam "Nordwalde III"]
[WhiteTeamCountry "GER"]
[BlackTeamCountry "GER"]

1. Nc3 Nf6 2. d4 d5 3. g3 e6 4. Bg2 Bb4 5. Bd2 0-0 6. a3 Ba5 7. e3 Bxc3 8. Bxc3 b6 9. b4 Ba6 10. Ne2 Nbd7 11. a4 c5 12. b5 Bb7 13. 0-0 a5 14. Bb2 Re8 15. c4 cxd4 16. exd4 Rc8 17. Rc1 e5 18. dxe5 Nxe5 19. cxd5 Rxc1 20. Nxc1 Bxd5 21. Bxd5 Qxd5 22. Qxd5 Nxd5 23. Kg2 f6 24. Re1 Kf7 25. Bd4 g5 26. Na2 h5 1/2-1/2

[Event "Steinfurt Bezirksklasse 0506"]
[Site "Germany"]
[Date "2006.01.28"]
[Round "5.1"]
[White "Braemik, Simon"]
[Black "Schwermann, Rolf"]
[Result "1-0"]
[WhiteElo "1250"]
[BlackElo "1532"]
[PlyCount "73"]
[EventDate "2005.09.10"]
[EventType "team-tourn"]
[EventRounds "7"]
[EventCountry "GER"]
[SourceTitle "EXT 2006"]
[Source "ChessBase"]
[SourceDate "2005.11.24"]
[SourceVersion "1"]
[SourceVersionDate "2005.11.24"]
[SourceQuality "1"]
[WhiteTeam "Rheine SG"]
[BlackTeam "Steinfurt III"]
[WhiteTeamCountry "GER"]
[BlackTeamCountry "GER"]

1. d4 Nf6 2. c4 g6 3. Nc3 Bg7 4. e4 d6 5. Nf3 0-0 6. Be2 e5 7. d5 a5 8. 0-0 Na6 9. Bg5 h6 10. Bh4 Nc5 11. Qc2 Bd7 12. a3 a4 13. Nd2 Qe8 14. f3 Nh5 15. Bf2 b6 16. Bxc5 bxc5 17. b4 cxb4 18. axb4 Qb8 19. b5 a3 20. Na4 Qa7+ 21. c5 Qxa4 22. Qxa4 Rxa4 23. c6 Bc8 24. Ra2 f5 25. Rfa1 Nf4 26. Bf1 fxe4 27. fxe4 Bg4 28. Rxa3 Rxa3 29. Rxa3 Ne2+ 30. Kh1 Nd4 31. h3 Be2 32. Bxe2 Nxe2 33. Ra7 Rc8 34. Nc4 Ng3+ 35. Kh2 Nxe4 36. b6 cxb6 37. Nxb6 1-0

[Event "Steinfurt Bezirksliga 0506"]
[Site "Germany"]
[Date "2005.12.17"]
[Round "4.8"]
[White "Loebbel, Timo"]
[Black "Schwermann, Rolf"]
[Result "1/2-1/2"]
[WhiteElo "1515"]
[BlackElo "1517"]
[PlyCount "82"]
[EventDate "2005.09.24"]
[EventType "team-tourn"]
[EventRounds "9"]
[EventCountry "GER"]
[SourceTitle "EXT 2006"]
[Source "ChessBase"]
[SourceDate "2005.11.24"]
[SourceVersion "1"]
[SourceVersionDate "2005.11.24"]
[SourceQuality "1"]
[WhiteTeam "Emsdetten Rochade II"]
[BlackTeam "Steinfurt II"]
[WhiteTeamCountry "GER"]
[BlackTeamCountry "GER"]

1. d4 Nf6 2. c4 g6 3. Nc3 Bg7 4. e3 0-0 5. b4 c6 6. Nf3 d5 7. c5 Bg4 8. h3 Bxf3 9. Qxf3 Nbd7 10. Bb2 e5 11. Na4 e4 12. Qd1 Qc7 13. b5 Ne8 14. bxc6 bxc6 15. Bc3 f5 16. Bd2 Nef6 17. Nc3 Bh6 18. g3 Rab8 19. Be2 Kh8 20. 0-0 Rg8 21. Rb1 g5 22. Rxb8 Qxb8 23. Kh1 g4 24. hxg4 fxg4 25. Qa4 Qc7 26. Rb1 Rb8 27. Rxb8+ Nxb8 28. Qd1 Qc8 29. Kg2 Bg5 30. a4 h5 31. a5 Kg7 32. Na2 Ne8 33. Nb4 Nc7 34. Qa4 Nca6 35. Nxa6 Nxa6 36. Qb3 Nc7 37. Qa4 Na6 38. Qb3 Qb8 39. Qxb8 Nxb8 40. a6 Bd8 41. Bc3 Kg6 1/2-1/2

[Event "Steinfurt Bezirksliga 0405"]
[Site "Germany"]
[Date "2005.04.30"]
[Round "8.6"]
[White "Schwermann, Rolf"]
[Black "Richter, Michael2222"]
[Result "0-1"]
[WhiteElo "1507"]
[BlackElo "1668"]
[PlyCount "80"]
[EventDate "2004.09.25"]
[EventType "team-tourn"]
[EventRounds "11"]
[EventCountry "GER"]
[SourceTitle "EXT 2006"]
[Source "ChessBase"]
[SourceDate "2005.11.24"]
[SourceVersion "1"]
[SourceVersionDate "2005.11.24"]
[SourceQuality "1"]
[WhiteTeam "Steinfurt II"]
[BlackTeam "Reckenfeld"]
[WhiteTeamCountry "GER"]
[BlackTeamCountry "GER"]

1. Nc3 d5 2. e4 d4 3. Nce2 e5 4. Ng3 Nf6 5. Nf3 Bd6 6. Bc4 h6 7. 0-0 Nc6 8. c3 0-0 9. cxd4 exd4 10. d3 Bg4 11. h3 Bxf3 12. gxf3 Na5 13. Bb5 c6 14. Ba4 Qc7 15. Kg2 b5 16. Bc2 Kh7 17. Rh1 Nb7 18. Bd2 Nd8 19. f4 Bxf4 20. Bxf4 Qxf4 21. Qf3 Qxf3+ 22. Kxf3 g6 23. Ne2 Ne6 24. Ng3 Nd7 25. Raf1 Ne5+ 26. Ke2 Nf4+ 27. Kd2 Nf3+ 28. Kd1 c5 29. Ne2 Ne6 30. b3 a5 31. Ng1 Nh4 32. Ke2 Nf4+ 33. Kd2 Rfe8 34. Ne2 Nf3+ 35. Kd1 Ne6 36. Ng1 Nh4 37. Rh2 g5 38. f3 Rac8 39. Ne2 Nf4 40. Rg1 Nxf3 0-1

[Event "Muensterland Verbandsklasse-B 0405"]
[Site "Muensterland"]
[Date "2005.03.19"]
[Round "8.8"]
[White "Schwermann, Rolf"]
[Black "Merkentrup, Ralf"]
[Result "1/2-1/2"]
[WhiteElo "1507"]
[BlackElo "1648"]
[PlyCount "38"]
[EventDate "2004.09.11"]
[EventType "team"]
[EventRounds "9"]
[EventCountry "GER"]
[SourceTitle "EXT 2006"]
[Source "ChessBase"]
[SourceDate "2005.11.24"]
[SourceVersion "1"]
[SourceVersionDate "2005.11.24"]
[SourceQuality "1"]
[WhiteTeam "Steinfurt"]
[BlackTeam "Telgte"]
[WhiteTeamCountry "GER"]
[BlackTeamCountry "GER"]

1. Nc3 d5 2. e4 dxe4 3. Nxe4 Nd7 4. d4 c6 5. Nf3 Ngf6 6. Ng3 e6 7. Bd3 Bd6 8. Qe2 Qc7 9. Bd2 0-0 10. 0-0 b6 11. Rfe1 Bb7 12. Ne5 c5 13. c3 Rfe8 14. f3 Rad8 15. Nf1 h6 16. Bb5 Re7 17. Rac1 Qb8 18. Nc6 Bxc6 19. Bxc6 Qc7 1/2-1/2

[Event "Steinfurt Bezirksliga 0405"]
[Site "Germany"]
[Date "2005.02.05"]
[Round "6.5"]
[White "Muhmann, Reinhard"]
[Black "Schwermann, Rolf"]
[Result "1/2-1/2"]
[WhiteElo "1529"]
[BlackElo "1507"]
[PlyCount "68"]
[EventDate "2004.09.25"]
[EventType "team-tourn"]
[EventRounds "11"]
[EventCountry "GER"]
[SourceTitle "EXT 2006"]
[Source "ChessBase"]
[SourceDate "2005.11.24"]
[SourceVersion "1"]
[SourceVersionDate "2005.11.24"]
[SourceQuality "1"]
[WhiteTeam "Emsdetten Rochade III"]
[BlackTeam "Steinfurt II"]
[WhiteTeamCountry "GER"]
[BlackTeamCountry "GER"]

1. e4 g6 2. Nf3 Bg7 3. d4 d6 4. Be2 Nf6 5. Nc3 0-0 6. 0-0 Nbd7 7. Re1 e5 8. Bg5 h6 9. Be3 a6 10. Bc4 b5 11. Bd3 Bb7 12. d5 c5 13. a3 Qc7 14. Qd2 Ng4 15. b4 Nxe3 16. Rxe3 c4 17. Bf1 Nf6 18. h3 Nh5 19. Nh2 Qd7 20. Ree1 Nf4 21. Ne2 g5 22. Ng3 Bc8 23. Nf5 Qd8 24. g4 Bxf5 25. gxf5 h5 26. Qd1 Qf6 27. Re3 Kh7 28. Rg3 Qe7 29. Be2 Rh8 30. Bxh5 Kg8 31. Bg4 f6 32. Nf1 Kf7 33. Ne3 Rh7 34. a4 Qb7 1/2-1/2

[Event "Steinfurt Bezirksliga 0304"]
[Site "Germany"]
[Date "2004.03.13"]
[Round "6.6"]
[White "Schwermann, Rolf"]
[Black "Winter, Reinhold"]
[Result "1/2-1/2"]
[WhiteElo "1532"]
[BlackElo "1521"]
[PlyCount "74"]
[EventDate "2003.10.18"]
[EventType "team-tourn"]
[EventRounds "9"]
[EventCountry "GER"]
[SourceTitle "EXT 2005"]
[Source "ChessBase"]
[SourceDate "2004.11.15"]
[SourceVersion "1"]
[SourceVersionDate "2004.11.15"]
[SourceQuality "1"]
[WhiteTeam "Steinfurt II"]
[BlackTeam "Neuenkirchen II"]
[WhiteTeamCountry "GER"]
[BlackTeamCountry "GER"]

1. Nc3 e5 2. Nf3 Nc6 3. d4 exd4 4. Nxd4 Bb4 5. Nxc6 bxc6 6. g3 Nf6 7. Bg2 d5 8. 0-0 0-0 9. Qd3 Re8 10. a3 Bxc3 11. bxc3 a5 12. Re1 Ba6 13. Qf3 Ne4 14. a4 Qf6 15. Qxf6 Nxf6 16. Bf1 Ne4 17. Ra3 Rab8 18. f3 Nd6 19. e3 Bxf1 20. Kxf1 Rb1 21. Ke2 f5 22. Kd3 c5 23. Ra2 Nc4 24. h3 c6 25. e4 Ne5+ 26. Ke3 fxe4 27. fxe4 Nc4+ 28. Kd3 Ne5+ 29. Ke3 Nd7 30. Kd2 dxe4 31. Ke2 Nf6 32. Be3 Rxe1+ 33. Kxe1 Nd5 34. Kd2 Nxe3 35. Kxe3 Kf7 36. Rb2 Ke6 37. Rb7 Re7 1/2-1/2

[Event "Muensterland Verbandsklasse-B 0304"]
[Site "Germany"]
[Date "2003.11.15"]
[Round "3.8"]
[White "Schwermann, Rolf"]
[Black "Sobel, Meinhard"]
[Result "1/2-1/2"]
[WhiteElo "1534"]
[BlackElo "1628"]
[PlyCount "74"]
[EventDate "2003.09.20"]
[EventType "team"]
[EventRounds "9"]
[EventCountry "GER"]
[SourceTitle "EXT 2005"]
[Source "ChessBase"]
[SourceDate "2004.11.15"]
[SourceVersion "1"]
[SourceVersionDate "2004.11.15"]
[SourceQuality "1"]
[WhiteTeam "Steinfurt"]
[BlackTeam "Muenster IV"]
[WhiteTeamCountry "GER"]
[BlackTeamCountry "GER"]

1. Nc3 Nf6 2. e4 d6 3. d4 g6 4. Be2 Bg7 5. Bg5 0-0 6. Qd2 e5 7. d5 Bd7 8. h3 Qc8 9. 0-0-0 a5 10. g4 Na6 11. f3 Kh8 12. Bh6 Ng8 13. Bxg7+ Kxg7 14. h4 h6 15. Nh3 Qd8 16. Nf2 Nc5 17. Nd3 Nxd3+ 18. Qxd3 Qb8 19. a4 Ne7 20. Qd2 Qd8 21. Rdf1 c6 22. b3 cxd5 23. exd5 f5 24. g5 h5 25. f4 e4 26. Qd4+ Kh7 27. Nd1 Qc7 28. Kb2 Rac8 29. Ne3 Qc5 30. Qxc5 Rxc5 31. c4 Nc8 32. Nc2 Nb6 33. Nd4 Re8 34. Rh3 Na8 35. Nc2 Nc7 36. Re3 Kg7 37. Re1 Na6 1/2-1/2